00419nam a2200157Ia 4500100002300000650001200023942000700035654001500042245003400057260002500091082001500116300000800131546001200139999001700151952009300168 aAnil Agarwal ./ed  aGeneral cBK achallenges aThe challenges of the Balance bKnowledge Bookc2004 a333.7bANI a388 aENGLISH c28312d28312 001040708CRCaCRCEbCRCEd2023-03-17l0o333.7 ANIp14590r2023-03-17w2023-03-17yBK